00595nam a2200157 i 4500001000700000003000900007005001700016007000300033008004100036100002700077245012100104260003100225300004400256500011300300852002400413185070ES-MaACL20230906222336.0t|160317s1942 sp r ||||1| spa d1 aNájera Angulo, Luis.10aSobre un caso de oftalmomiasis producida por larvas de "wohlfahrtia magnifica" schiner / cpor el Dr. Luis Nájera. aMadrid : b[s.n.], c1942. aP. 493-495, [1] h. de lám. ; c24 cm. aSeparata de: Boletín de la Real Sociedad Española de Historia Natural, tomo XL, 1942 (páginas 493-495) aES-MaACLj1715-F-30